TV Shows by Wikipedia Descriptions - Statistics

General Stats
  • This quiz has been taken 309 times
  • The average score is 13 of 18
Answer Stats
Excerpt TV Show % Correct
Revolves around six friends in their 20s and 30s who live in Manhattan, New York City Friends
98%
Homer works as a safety inspector at the Springfield Nuclear Power Plant, a position at odds with his careless, buffoonish personality The Simpsons
96%
Depicts the everyday lives of employees in the Scranton, Pennsylvania branch of the fictional Dunder Mifflin Paper Company The Office
94%
Tells the story of Walter White, a high school chemistry teacher who is struggling with a recent diagnosis of stage-three lung cancer Breaking Bad
92%
Chronicles the adventures of the title character and his aquatic friends in the fictional underwater city of Bikini Bottom Spongebob Squarepants
89%
The ship and crew are led by James Kirk, Spock, and Leonard McCoy Star Trek
86%
Focuses on the lives of surgical interns, residents, and attending doctors as they develop into seasoned doctors Grey's Anatomy
78%
Depicts a "consulting detective" solving various mysteries in modern-day London Sherlock
76%
Follows the exploits of four boys, Stan Marsh, Kyle Broflovski, Eric Cartman and Kenny McCormick South Park
73%
Set on the fictional continents of Westeros and Essos Game of Thrones
69%
Starring Charlie Sheen, Jon Cryer, and Angus T. Jones Two and a Half Men
69%
Follows the misadventures of cynical mad scientist Rick Sanchez and his good-hearted but fretful grandson Rick and Morty
66%
The first season focuses on the investigation into the disappearance of a young boy amid supernatural events occurring Stranger Things
64%
Nearly all episodes took place in the front room of the bar Cheers
57%
Revolves around FBI special agents who investigate marginalized, unsolved cases involving paranormal phenomena The X-Files
56%
The show places a group of strangers in an isolated location Survivor
50%
Described as being "a show about nothing", as many of its episodes are about the minutiae of daily life Seinfeld
46%
Set in the early to mid 2000s, the series follows the story of con-man turned small-time lawyer Jimmy McGill Better Call Saul
41%
No matching quizzes found
Score Distribution
Percent of People with Each Score
Percentile by Number Answered
Your Score History
You have not taken this quiz